The Spirit to Serve : Marriot's Way /
Obra que define los valores fundamentales del iniciador de un pequeño estanquillo de venta de cerveza de raíz que, con el tiempo, se convertiría en una cadena de hoteles de lujo con instalaciones a lo largo de todo el mundo. A lo largo de 12 capítulos, ofrece lecciones de administración de negocios...
保存先:
| 第一著者: | |
|---|---|
| その他の著者: | , |
| フォーマット: | 図書 |
| 言語: | 英語 |
| 出版事項: |
Nueva York, EUA :
Harper Collins,
1997, c1997
|
| 主題: | |
| タグ: |
タグなし, このレコードへの初めてのタグを付けませんか!
|
MARC
| LEADER | 00000nam^a2200000^a^4500 | ||
|---|---|---|---|
| 001 | 000303708 | ||
| 005 | 20250623000000.0 | ||
| 009 | 20260310112655.569 | ||
| 020 | |a 0-88730-991-7 | ||
| 037 | |a Acervo ITESO - Biblioteca | ||
| 041 | |a ING | ||
| 082 | |a 658. 9164794 |b MAR | ||
| 100 | |a Marriot, J.W., |c hijo |e (autor) | ||
| 245 | 1 | 4 | |a The Spirit to Serve : |b Marriot's Way / |c J.W. Marriot, hijo, K.A. Brown ; pref. de J. Collins. |
| 264 | 4 | |a Nueva York, EUA : |b Harper Collins, |c 1997, c1997 | |
| 300 | |a XXI, 216 p. | ||
| 336 | |a texto |b txt |2 rdacontenido | ||
| 337 | |a sin mediación |b n |2 rdamedio | ||
| 338 | |a volumen |b nc |2 rdasoporte | ||
| 520 | |a Obra que define los valores fundamentales del iniciador de un pequeño estanquillo de venta de cerveza de raíz que, con el tiempo, se convertiría en una cadena de hoteles de lujo con instalaciones a lo largo de todo el mundo. A lo largo de 12 capítulos, ofrece lecciones de administración de negocios para lograr el éxito. | ||
| 649 | |a XX | ||
| 650 | |a Hoteles - |x Administración - |x Tema Principal | ||
| 650 | |a Transnacionales de EUA - |x Administración | ||
| 650 | |a Turismo - |x Administración | ||
| 650 | |a Trabajo en Equipo | ||
| 650 | |a Exito Administrativo - |x Tema Principal | ||
| 650 | |a Estrategia en los Negocios - |x Tema Principal | ||
| 650 | |a Proceso Administrativo | ||
| 650 | |a Administración | ||
| 650 | |a Ciencias Administrativas | ||
| 700 | |a Brown, Kathi Ann |e (autor) | ||
| 700 | |a Collins, Jim |e (prólogo) | ||
| 910 | |a Fondo General | ||
| 920 | |a Impresos - Libros | ||
| 930 | |a Colección General | ||
| 905 | |a 101 | ||
| 901 | |a 0500190007 |b IT1 |c ACC |d DT |i D51335 |u 20250623 | ||
| 902 | |a https://opac.biblio.iteso.mx/vufind/Record/000303708 | ||